000 00324nam a2200121Ia 4500
008 220204s9999 xx 000 0 und d
082 _a678.065
_bARV
100 _aArvind S Ghag
245 0 _aGiant tyres for Indian conditions
260 _aBombay
_bPolymer communications
_c1976
650 _aTyre manufacturing
942 _cBK
999 _c24226
_d24226